Monkey in My Backyard: (Record no. 78295)

MARC details
000 -LEADER
fixed length control field 00677nam a22001937a 4500
005 - DATE AND TIME OF LATEST TRANSACTION
control field 20130819131510.0
010 ## - LCCN (DPL NO)
LC control number B-523583-587
020 ## - INTERNATIONAL STANDARD BOOK NUMBER
International Standard Book Number 9788184776867
Terms of availability 150.00
035 ## - SYSTEM CONTROL NUMBER
System control number B-523583-587
037 ## - SOURCE OF ACQUISITION
Stock number KKP/VEN
Source of stock number/acquisition DPL
082 ## - DEWEY DECIMAL CLASSIFICATION NUMBER
Edition number 2011
Classification number S
100 ## - MAIN ENTRY--PERSONAL NAME
Personal name Dubey, Scharada
245 ## - TITLE STATEMENT
Title Monkey in My Backyard:
Remainder of title living in harmony with animals/
Statement of responsibility, etc by Scharada Dubey
260 ## - PUBLICATION, DISTRIBUTION, ETC. (IMPRINT)
Place of publication, distribution, etc USA
Name of publisher, distributor, etc Scholastic India Pvt.Ltd.
Date of publication, distribution, etc 2011
270 ## - ADDRESS
Address Golf view Corporate Tower,-A,3rd floor,dlf phase-v
City Gurgaon
Postal code 122002
300 ## - PHYSICAL DESCRIPTION
Extent 124p.
Dimensions 15cm.(pbk)
Other physical details ill.
942 ## - ADDED ENTRY ELEMENTS (KOHA)
Source of classification or shelving scheme Dewey Decimal Classification
Item type Children Books
Call number suffix DUB
Classification part S
Holdings
Withdrawn status Lost status Not for loan Collection code Home library Current library Date acquired Source of acquisition Cost, normal purchase price Full call number Barcode Copy number Cost, replacement price Koha item type
      Fiction Central Library Central Library 19/08/2013 KKP/BL3088/11.04.2013/203/11.04.2013/16.05.2013 150.00 S DUB B-523583 1 150.00 Children Books
      Fiction Janak Puri Janak Puri 19/08/2013 KKP/BL3088/11.04.2013/203/11.04.2013/16.05.2013 150.00 S DUB B-523585 1 150.00 Children Books
      Fiction Karol Bagh Karol Bagh 19/08/2013 KKP/BL3088/11.04.2013/203/11.04.2013/16.05.2013 150.00 S DUB B-523586 1 150.00 Children Books
      Fiction Narela Narela 19/08/2013 KKP/BL3088/11.04.2013/203/11.04.2013/16.05.2013 150.00 S DUB B-523587 1 150.00 Children Books
      Fiction Patel Nagar Patel Nagar 19/08/2013 KKP/BL3088/11.04.2013/203/11.04.2013/16.05.2013 150.00 S DUB B-523584 1 150.00 Children Books

© Delhi Public Library
Hit Counter
free hit counter